Normal view
MARC view
- Hassan ,Adeel
Entry Personal Name
001 - CONTROL NUMBER
- control field: 122297
003 - CONTROL NUMBER IDENTIFIER
- control field: NUST
005 - DATE AND TIME OF LATEST TRANSACTION
- control field: 20240408143135.0
008 - FIXED-LENGTH DATA ELEMENTS
- fixed length control field: 240408|| aca||aabn | a|a d
040 ## - CATALOGING SOURCE
- Original cataloging agency: NUST
- Transcribing agency: NUST
100 ## - HEADING--PERSONAL NAME
- Personal name: Hassan ,Adeel
670 ## - SOURCE DATA FOUND
- Source citation: Work cat.: (NUST): Hassan ,Adeel, Shear Angle and Chips Formation Analysis during Dry and Cryogenic Machining of Titanium Alloy Ti-6Al-4V /
